Влияние промышленного загрязнения на почвенных беспозвоночных; Экология и безопасность в техносфере: современные проблемы и пути решения

Bibliografske podrobnosti
Parent link:Экология и безопасность в техносфере: современные проблемы и пути решения.— 2013.— [С. 192-195]
Glavni avtor: Киреева О. А.
Korporativna značnica: Национальный исследовательский Томский политехнический университет (ТПУ) Юргинский технологический институт (филиал) (ЮТИ) Кафедра безопасности жизнедеятельности, экологии и физического воспитания (БЖДЭФВ)
Drugi avtorji: Котова Д. О. (научный руководитель), Клименко Д. Е., Денисова Н. В. Наталья Владимировна, Мальчик А. Г. Александра Геннадьевна
Izvleček:Заглавие с экрана
Jezik:ruščina
Izdano: 2013
Serija:Экологическая и техногенная безопасность
Teme:
Online dostop:http://www.lib.tpu.ru/fulltext/c/2013/C52/060.pdf
Format: Elektronski Book Chapter
KOHA link:https://koha.lib.tpu.ru/cgi-bin/koha/opac-detail.pl?biblionumber=604913

MARC

LEADER 00000naa2a2200000 4500
001 604913
005 20260217162124.0
035 |a (RuTPU)RU\TPU\conf\2196 
035 |a RU\TPU\conf\2194 
090 |a 604913 
100 |a 20140325d2013 k y0rusy50 ca 
101 0 |a rus 
102 |a RU 
135 |a drcn ---uucaa 
181 0 |a i  
182 0 |a b 
200 1 |a Влияние промышленного загрязнения на почвенных беспозвоночных  |f О. А. Киреева, Д. О. Котова, Д. Е. Клименко  |g науч. рук. Н. В. Денисова ; науч. рук. А. Г. Мальчик 
203 |a Текст  |c электронный 
215 |a 1 файл(358 Кб) 
225 1 |a Экологическая и техногенная безопасность 
300 |a Заглавие с экрана 
320 |a [Библиогр.: с. 195 (3 назв.)] 
337 |a Adobe Reader 
463 1 |0 (RuTPU)RU\TPU\conf\1010  |t Экология и безопасность в техносфере: современные проблемы и пути решения  |o сборник трудов Всероссийской научно-практической конференции, г. Томск, 27-28 ноября 2013 г.  |f Национальный исследовательский Томский политехнический университет (ТПУ), Юргинский технологический институт (ЮТИ) ; под ред. В. М. Гришагина и др.  |v [С. 192-195]  |d 2013 
610 1 |a электронный ресурс 
610 1 |a труды учёных ТПУ 
610 1 |a промышленное загрязнение 
610 1 |a почвенные беспозвоночные животные 
610 1 |a влияние 
700 1 |a Киреева  |b О. А. 
701 1 |a Котова  |b Д. О. 
701 1 |a Клименко  |b Д. Е. 
702 1 |a Денисова  |b Н. В.  |c старший преподаватель  |c кафедра лингвистики и переводоведения Томского политехнического университета  |g Наталья Владимировна  |4 727  |9 10899 
702 1 |a Мальчик  |b А. Г.  |c специалист в области экологии и безопасности жизнедеятельности  |c доцент Юргинского технологического института Томского политехнического университета, кандидат технических наук  |f 1970-  |g Александра Геннадьевна  |4 727 
712 0 2 |a Национальный исследовательский Томский политехнический университет (ТПУ)  |b Юргинский технологический институт (филиал) (ЮТИ)  |b Кафедра безопасности жизнедеятельности, экологии и физического воспитания (БЖДЭФВ)  |3 (RuTPU)RU\TPU\col\18930 
801 1 |a RU  |b 63413507  |c 20101016 
801 2 |a RU  |b 63413507  |c 20140325  |g RCR 
856 4 |u http://www.lib.tpu.ru/fulltext/c/2013/C52/060.pdf 
942 |c CF